000 00704nam a2200289Ia 4500
005 20260324113646.0
008 008 260324s9999 xx 000 0 eng d
020 _a9781003326465
037 _aEBOOK
040 _aCRL
040 _beng
040 _cCRL
041 _2eng
041 _aeng
084 _qCRL
100 _aCarrie Sackett; Murray Dabby
_91147655
245 0 _aSocial Therapeutic Coaching
245 2 _bA Practical Guide to Group and Couples Work
260 _bTaylor and Francis
260 _c2023
365 _a
365 _b220
856 _uhttp://www.taylorfrancis.com/books/9781003326465
942 _cEBOOK
999 _c1737420
_d1737420